000 01032nas a2200289 4500
001 BR0705770
003 BR-BrBNA
005 20231205111155.0
007 ta
008 230509b bl.|||p| |||| 00| 00por d
040 _aBR-BrBNA
_bpor
_cBiblioteca Nacional de Agricultura
041 _a(Pt)
072 _aL53
100 1 _aMucciolo, R.G.
100 1 _aBarnabe, R.C.
100 1 _aBarnabe, V.H.
245 1 _aUtilização da prostaglandina F2 alfa (PGF2 alfa)na sincronização do ciclo estral em bovinos. 3. inseminações artificiais praticadas em horários pré-determinados, sem observação de sintomas de cio
650 _aPROSTAGLANDINA
650 _aHORMONIO
650 _aCICLO ESTRAL
650 _aBOVINO
650 _aINSEMINACAO ARTIFICIAL
650 _aGADO NELORE
773 0 _tRevista da Faculdade de Medicina Veterinária e Zootecnia da Universidade de São Paulo (Brazil)
_xISSN 0303-7525
_g(1977), v. 14(1) p. 45-51
_wBR0705770
909 _a202311
_bLúcia
_c55
_dLúcia Elande
942 _2AGRIS
_n0
_cANA
999 _c191126
_d191126